Essntials of Food Science (Record no. 6311)

MARC details
000 -LEADER
fixed length control field 00607nam a22002177a 4500
003 - CONTROL NUMBER IDENTIFIER
control field OSt
005 - DATE AND TIME OF LATEST TRANSACTION
control field 20190906145641.0
008 - FIXED-LENGTH DATA ELEMENTS--GENERAL INFORMATION
fixed length control field 190906b ||||| |||| 00| 0 eng d
020 ## - INTERNATIONAL STANDARD BOOK NUMBER
International Standard Book Number 9781461491378
040 ## - CATALOGING SOURCE
Transcribing agency DNLM
082 ## - DEWEY DECIMAL CLASSIFICATION NUMBER
Classification number QU145 V157e 2014
100 ## - MAIN ENTRY--PERSONAL NAME
Personal name Vaclavik, Vickie A.; Christian, Elizabeth W.
9 (RLIN) 12931
245 ## - TITLE STATEMENT
Title Essntials of Food Science
250 ## - EDITION STATEMENT
Edition statement 4th ed.
260 ## - PUBLICATION, DISTRIBUTION, ETC. (IMPRINT)
Place of publication, distribution, etc. New York;
Name of publisher, distributor, etc. Springer,
Date of publication, distribution, etc. 2014
300 ## - PHYSICAL DESCRIPTION
Extent xxiv,493p;
Other physical details col.ill:
Dimensions 25.5cm
504 ## - BIBLIOGRAPHY, ETC. NOTE
Bibliography, etc Appendices, references, & index included
650 ## - SUBJECT ADDED ENTRY--TOPICAL TERM
Topical term or geographic name as entry element Food science
9 (RLIN) 12922
650 ## - SUBJECT ADDED ENTRY--TOPICAL TERM
Topical term or geographic name as entry element Nutrition
9 (RLIN) 321
942 ## - ADDED ENTRY ELEMENTS (KOHA)
Source of classification or shelving scheme Other/Generic Classification Scheme
Koha item type Book Bank
Holdings
Withdrawn status Lost status Source of classification or shelving scheme Damaged status Not for loan Home library Current library Date acquired Source of acquisition Inventory number Total Checkouts Full call number Barcode Date last seen Koha item type
    Other/Generic Classification Scheme     MUST Main Library MUST Main Library 06/09/2019 Purchase 19/40777   QU145 V157e 2014 2019-0420 06/09/2019 Open Shelf
    Other/Generic Classification Scheme     MUST Main Library MUST Main Library 06/09/2019 Purchase 19/40778   QU145 V157e 2014 2019-0421 06/09/2019 Open Shelf
    Other/Generic Classification Scheme     MUST Main Library MUST Main Library 06/09/2019 Purchase 19/40779   QU145 V157e 2014 2019-0422 06/09/2019 Open Shelf